书目信息 |
| 题名: |
平面三角教与学
|
|
| 作者: | 李燕杰 , 郭建 编 | |
| 分册: | ||
| 出版信息: | 哈尔滨 黑龙江科学技术出版社 1982 |
|
| 页数: | 491页 | |
| 开本: | 19cm | |
| 丛书名: | ||
| 单 册: | ||
| 中图分类: | O124.1 | |
| 科图分类: | ||
| 主题词: | 平面三角 | |
| 电子资源: | ||
| ISBN: | ||
| 000 | 00679nam0 2200241 45 | |
| 001 | 0182000794 | |
| 005 | 20060406151059.64 | |
| 010 | @dCNY1.40 | |
| 091 | @a13217.020 | |
| 100 | @a19950306d1982 em y0chiy0121 ea | |
| 101 | 0 | @achi |
| 102 | @aCN@b230000 | |
| 105 | @ay z 000yy | |
| 200 | 10 | @a平面三角教与学@Aping mian san jiao jiao yu xue@f李燕杰,郭建编@Fli yan jie,guo jian bian |
| 210 | @a哈尔滨@c黑龙江科学技术出版社@d1982 | |
| 215 | @a491页@d19cm | |
| 606 | @a平面三角 | |
| 690 | @aO124.1@v3 | |
| 701 | 0 | @a李燕杰@Ali yan jie@4编 |
| 701 | 0 | @a郭建@Aguo jian@4编 |
| 801 | 2 | @aCN@bNLC@c20060406 |
| 801 | 0 | @aCN@b上海图书馆@c20040518 |
| 905 | @dO124.1@e6@f1@b161168 | |
| 平面三角教与学/李燕杰,郭建编.-哈尔滨:黑龙江科学技术出版社,1982 |
| 491页;19cm |
| ISBN :CNY1.40 |
| ● |
| 相关链接 |
|
|
|
|
正题名:平面三角教与学
索取号:O124.1/6
 
预约/预借
| 序号 | 登录号 | 条形码 | 馆藏地/架位号 | 状态 | 备注 |
| 1 | 0161166 | 001242630 | 第二样本阅览室/ [索取号:O124.1/6] | 在馆 | |
| 2 | 0161167 | 001934205 | 第三借阅区/ [索取号:O124.1/6] | 在馆 | |
| 3 | 0161168 | 001941377 | 第三借阅区/ [索取号:O124.1/6] | 在馆 | |
| 4 | 0161169 | 202209831 | 密集书库/ [索取号:O124.1/6] | 在馆 |